000 00293nam a22001337a 4500
008 170918b xxu||||| |||| 00| 0 eng d
020 _a9780077315009
041 _aeng
080 _28 ED
_a7
100 _a44
101 _aART
245 _aLIVING WITH ART
_cGETLEN.M
942 _2udc
_cBK
999 _c28128
_d28128